טוען...
Unmayude darshanam /
| מחבר ראשי: | |
|---|---|
| פורמט: | Printed Book |
| שפה: | Malayalam |
| יצא לאור: |
1991.
|
| LEADER | 00423nam a2200133Ia 4500 | ||
|---|---|---|---|
| 008 | 150624b xxu||||| |||| 00| | mal d | ||
| 082 | |a 233 | ||
| 100 | |a Tharakan, K. M. | ||
| 245 | |c K. M. Tharakan |a Unmayude darshanam / | ||
| 260 | |c 1991. | ||
| 546 | |a In Malayalam. | ||
| 942 | |c BK | ||
| 999 | |c 83416 |d 83416 | ||
| 952 | |0 0 |1 0 |4 0 |6 233_000000000000000_THA_U_M |7 0 |9 83360 |a UL |b UL |c ST2 |d 1998-08-28 |l 0 |o 233 THA/U M |p 68284 |r 2012-10-27 |w 2012-10-27 |y BK | ||